Κατάλογος Βιβλιοθηκών Mediterranean College

Η Διατροφή της Mayo Clinic για Διαβητικούς Τύπου 2 / Από τους Ειδικούς στην Απώλεια Βάρους της Mayo Clinic: 2ος Τόμος (Record no. 3031)

MARC details
000 -LEADER
fixed length control field 02037cam a22002534a 4500
005 - ΗΜΕΡΟΜΗΝΙΑ ΚΑΙ ΩΡΑ ΤΕΛΕΥΤΑΙΑΣ ΕΝΗΜΕΡΩΣΗΣ
Πεδίο ελέγχου 20250605164103.0
008 - FIXED-LENGTH DATA ELEMENTS--GENERAL INFORMATION
Πεδίο ελέγχου σταθερού μήκους 250528s ||||||||||||||||||||||||d
035 ## - SYSTEM CONTROL NUMBER
System control number 17629
020 ## - ISBN
ISBN 9789605461812
040 ## - ΠΗΓΗ ΚΑΤΑΛΟΓΟΓΡΑΦΗΣΗΣ
Φορέας πρωτότυπης καταλογογράφησης MC Athens Campus Library
Γλώσσα καταλογογράφησης Ελληνικά, Μοντέρνα (1453-)
Modifying agency MC Athens Campus Library
Κανόνες περιγραφικής καταλογογράφησης AACR2
245 1# - ΤΙΤΛΟΣ ΚΑΙ ΔΗΛΩΣΗ ΥΠΕΥΘΥΝΟΤΗΤΑΣ
Τίτλος Η Διατροφή της Mayo Clinic για Διαβητικούς Τύπου 2 / Από τους Ειδικούς στην Απώλεια Βάρους της Mayo Clinic: 2ος Τόμος
260 ## - PUBLICATION, DISTRIBUTION, ETC.
Name of publisher, distributor, etc. Πεδίο,
Date of publication, distribution, etc. 2013
300 ## - PHYSICAL DESCRIPTION
Extent 144
520 ## - SUMMARY, ETC.
Summary, etc. Η δίαιτα της Mayo Clinic για διαβητικούς σχεδιάστηκε από γιατρούς όλων των ειδικοτήτων, για να σας βοηθήσει να αλλάξετε τρόπο ζωής, ώστε να αποκτήσετε ένα φυσιολογικό βάρος, που μπορείτε να διατηρήσετε για το υπόλοπο της ζωής σας, και να κρατήσει τα επίπεδα του σακχάρου υπό έλεγχο. Εισαγωγή - Διαβητολογικό Κέντρο Τζάνειου Νοσοκομείου, Ο Διαβήτης και η Πυραμίδα, Πώς να Αλλάξετε Συμπεριφορές, Ναι Κύλησα. Τι να Κάνω;, Κάνοντας τα Γεύματα Εύκολα, Παραμείνετε Πιστοί στη Δίαιτα όταν Τρώτε Έξω, Καίγοντας Ακόμα πιο Πολλές Θερμίδες, Οδηγός Δράσης για τα Εμπόδια στην Απώλεια Βάρους, Οι Μερίδες της Πυραμίδας με μια Ματιά, Συνταγές για Απώλεια Βάρους.
700 1# - ΠΡΟΣΘΕΤΗ ΑΝΑΓΡΑΦΗ--ΦΥΣΙΚΟ ΠΡΟΣΩΠΟ
Personal name Hensrud Donald
9 (RLIN) 3818
700 1# - ΠΡΟΣΘΕΤΗ ΑΝΑΓΡΑΦΗ--ΦΥΣΙΚΟ ΠΡΟΣΩΠΟ
Personal name Nelson Jennifer
9 (RLIN) 3819
700 1# - ΠΡΟΣΘΕΤΗ ΑΝΑΓΡΑΦΗ--ΦΥΣΙΚΟ ΠΡΟΣΩΠΟ
Personal name Pellman Good Phyllis
9 (RLIN) 3820
700 1# - ΠΡΟΣΘΕΤΗ ΑΝΑΓΡΑΦΗ--ΦΥΣΙΚΟ ΠΡΟΣΩΠΟ
Personal name Δρεπανιά Λίλη
9 (RLIN) 3821
700 1# - ΠΡΟΣΘΕΤΗ ΑΝΑΓΡΑΦΗ--ΦΥΣΙΚΟ ΠΡΟΣΩΠΟ
Personal name Παπαχριστοφίλου Παύλος
9 (RLIN) 3822
700 1# - ΠΡΟΣΘΕΤΗ ΑΝΑΓΡΑΦΗ--ΦΥΣΙΚΟ ΠΡΟΣΩΠΟ
Personal name Σφυρόερα Σοφία Ν
9 (RLIN) 3823
942 ## - ADDED ENTRY ELEMENTS (KOHA)
Koha item type Books
Holdings
Τύπος τεκμηρίου Βιβλιοθήκη Τρέχουσα τοποθεσία Barcode Αριθμός εισαγωγής Ημερομηνία απόκτησης Ταξιθετικό σύμβολο Αριθμός αντιτύπου Κατάσταση απόσυρσης Κατάσταση χαμένου Κατάσταση κατεστραμμένου Μη δανεισμός Σύνολο δανεισμών Ημερομηνία τελευταίας εμφάνισης Η τιμή ισχύει από
Books MC Athens Campus Library MC Athens Campus Library 9780000030306 5944 05/06/2025 641.56314 PEL V.2 1           05/06/2025 05/06/2025

MC Athens Campus Library
Πατησίων 94 & Κοδριγκτώνος 13, 104 34
Πελλήνης 8 & Πατησίων 107, 112 51
Τ: +30 210 8899600

MC Thessaloniki Campus Library
Ίωνος Δραγούμη 21, 54625 | Ίωνος Δραγούμη 15, 54625
Τ: +30 2310 287779 – Τ: +30 2314 440300